| 000 | 00480nam a22001937a 4500 | ||
|---|---|---|---|
| 003 | MPLRDC | ||
| 005 | 20220104123626.0 | ||
| 008 | 210129b ||||| |||| 00| 0 eng d | ||
| 020 | _a7-5321-1055-9 | ||
| 082 | _a820.7 ZG | ||
| 100 | _a张廓 | ||
| 245 |
_a空白的精神 _c |
||
| 250 | _a一版一刷 | ||
| 260 |
_a _b上海文艺出版社 _c1993 |
||
| 300 | _b平 | ||
| 490 | _a文艺探索书系 | ||
| 650 | _a中国文学总论--杂文, 演讲 | ||
| 942 |
_cBK _o820.7 ZG |
||
| 999 |
_c12900 _d12890 |
||